| 000 | 00741nam a2200253#a 4500 | ||
|---|---|---|---|
| 001 | 01975 | ||
| 003 | HDC | ||
| 007 | ta | ||
| 008 | 230623s2023 xx 000 0 eng d | ||
| 020 | _a9789834313753 (pbk). | ||
| 040 | _aHDC | ||
| 050 |
_aHB615 _b.U97 2010 |
||
| 245 | 0 |
_aUsahawan groom big : _bproduk tempatan bertaraf dunia. |
|
| 264 |
_aPutrajaya : _bBahagian Pembangunan Keusahawanan, Kementerian Perdagangan Antarabangsa dan Industri , _c[200?]. |
||
| 300 |
_a64p. : _b ill. ; _c 22cm. |
||
| 490 | _aSiri 1 Miti groom big programme. | ||
| 650 |
_aEconomic development _zMalaysia. |
||
| 650 | _aEntrepreneurship. | ||
| 650 | _aSuccess in business. | ||
| 942 | _2lcc | ||
| 942 | _cBK | ||
| 942 | _kHB615 | ||
| 942 | _m.U97 2010 | ||
| 999 |
_c23535 _d23535 |
||